| 000 | 00438nam a2200145Ia 4500 | ||
|---|---|---|---|
| 001 | 3690 | ||
| 008 | 241024s9999 xx 000 0 und d | ||
| 020 | _a978-9945-8539-9-5 | ||
| 082 | _aRD/725.97293/R426m/2012-2016 | ||
| 100 | _aRepública Dominicana.Ministerio de Obras Públicas | ||
| 245 | 0 | _aMemorias del primer año del cuatrenio 2012-2016 | |
| 260 |
_bEditora Alfa & Omega _c2013 |
||
| 901 | _a23/1/2014 3:07:45 p.m. | ||
| 999 |
_c7965 _d7965 |
||